000
00315nam a2200121Ia 4500
008
220204s9999 xx 000 0 und d
082
_a
065.01
_b
ALL
100
_a
Allen, Louis A
245
0
_a
Management and organization
260
_a
New Delhi
_b
McGraw Hill
_c
1958
650
_a
Management organization
942
_c
BK
999
_c
23699
_d
23699